000 00615nam a2200205 a 4500
001 000033668
003 DO-SdBNP
005 20220822104140.0
007 ta
008 110905s1945 dr 000 0 spa d
040 _aDO-SdBNP
_bspa
_cBNPHU
082 _axxxx
_bxxxx
110 _aBanco Agrícola e Hipotecario
_bRepública Dominicana
_982212
245 0 0 _aAlmacenes generales de deposito :
_b(reglamento interior)./
260 _aCiudad Trujillo, República Dominicana, :
_bImprenta Rincon,
_c1945.
300 _a24 p ;
_c22 cm.
590 _aInventariado, 2022/ YL
910 _aYLockward
942 _2ddc
_cLF2
999 _c33159
_d33159